000 00615nam a22002057a 4500
999 _c18312
_d18312
003 AR-CdUCM
008 190513b ||||| |||| 00| 0 spa d
040 _aMUNICIPALIDAD PROVINCIAL DEL CUSCO
_cBIBLIOTECA MUNICIPAL DEL CUSCO
082 _29ed.
_a868.61 /
_bAZ98
100 _aAzorin
_9580
245 _aDoña Ines /
260 _aBuenos Aires :
_bLosada,
_c1939.
300 _a148 páginas ;
_c19 cm.
505 _aContenido : En Madrid -- Daguerrotipo -- La espera ...
650 _aLiteratura
_983
650 _aEspañola
_924066
650 _aSiglo XX
_98
942 _2ddc
_cLIBROS
945 _arah
_d2019/05/13